| 000 | 01278nam a2200337Ia 4500 | ||
|---|---|---|---|
| 001 | ebr10411588 | ||
| 003 | CaPaEBR | ||
| 006 | m u | ||
| 007 | cr cn||||||||| | ||
| 008 | 100419s2010 inu s 001 0 eng d | ||
| 010 | _z 2010016921 | ||
| 020 | _z9780470888452 (pbk.) | ||
| 020 | _z0470888458 (pbk.) | ||
| 040 |
_aCaPaEBR _cCaPaEBR |
||
| 035 | _a(OCoLC)680622369 | ||
| 050 | 1 | 4 |
_aQA76.3 _b.S47652 2010eb |
| 082 | 0 | 4 |
_a005.4/32 _222 |
| 100 | 1 | _aSmith, Roderick W. | |
| 245 | 1 | 0 |
_aCompTIA Linux+ study guide _h[electronic resource] : _bexams LX0-101 and LX0-102 / _cRoderick W. Smith. |
| 250 | _a1st ed. | ||
| 260 |
_aIndianapolis, Ind. : _bWiley Pub., _cc2010. |
||
| 300 | _alvii, 588 p. | ||
| 500 | _aIncludes index. | ||
| 533 |
_aElectronic reproduction. _bPalo Alto, Calif. : _cebrary, _d2010. _nAvailable via World Wide Web. _nAccess may be limited to ebrary affiliated libraries. |
||
| 630 | 0 | 0 | _aLinux. |
| 650 | 0 |
_aElectronic data processing personnel _xCertification. |
|
| 650 | 0 |
_aOperating systems (Computers) _xExaminations _vStudy guides. |
|
| 655 | 7 |
_aElectronic books. _2local |
|
| 710 | 2 | _aebrary, Inc. | |
| 856 | 4 | 0 |
_uhttp://site.ebrary.com/lib/rucke/Doc?id=10411588 _zAn electronic book accessible through the World Wide Web; click to view |
| 999 |
_c79321 _d79321 |
||